Countries that gained independence from the Portuguese Empire by date - Statistics

General Stats
  • This quiz has been taken 27 times
  • The average score is 7 of 8
Answer Stats
Country First Letter Date of Independence % Correct
Brazil B September 7th 1822
96%
Cabo Verde C July 5th 1975
92%
Mozambique M June 25th 1975
92%
São Tomé and Príncipe S July 12th 1975
92%
Angola A November 11th 1975
88%
Oman O January 1656 (December 20th 1970)
88%
Guinea-Bissau G September 24th 1973
84%
Timor-Leste T November 28th 1975 (May 20th 2002)
84%
No matching quizzes found
Score Distribution
Percent of People with Each Score
Percentile by Number Answered
Your Score History
You have not taken this quiz